| 000 | 00665cam a22002297a 4500 | ||
|---|---|---|---|
| 005 | 20220329141131.0 | ||
| 008 | 971010s1976 r 00010 d | ||
| 010 | _a63134 | ||
| 011 | _a64106 | ||
| 035 | _a69241 | ||
| 082 |
_a675.23 _bM5 |
||
| 100 | 0 | 0 |
_aMiller, J. R. _975778 |
| 245 | 1 | 3 |
_aEl arte de trabajar el cuero _b: preparación, curtido |
| 260 |
_aBuenos Aires : _bAlbatros, _c1976 |
||
| 300 | _a209 p. | ||
| 590 |
_aBATCH-UPD _b10 _c20130110 _lUCH01 _h1054 |
||
| 590 |
_aCONVERSION _b10 _c20130109 _lUCH01 _h1334 |
||
| 650 | 1 | 4 |
_aCuero. _930102 |
| 650 | 1 | 4 |
_aCurtido. _930716 |
| 901 | _aBK | ||
| 949 |
_a675.23 M5 _bCRUAN _cLIBRO _d-1412 _eLIBRO _h100 _i69241 _si |
||
| 999 |
_c63134 _d63134 |
||